000 00842nam a2200241 a 4500
001 000047208
005 20201002053440.0
008 180424s2017 dr a 000 0 spa d
020 _a9789945195309
040 _aDO-SdBNP
_bspa
_cBNPHU
082 _axxxx
_bxxxx
100 1 _aMolina Moloon, Andrés
_96595
245 1 0 _aMatemáticas 2 :
_beducación primaria /
_cAndrés Molina Moloon ; ilustración Ruddy Núñez... [et al.].
250 _a2a ed.
260 _aSanto Domingo :
_bSantillana,
_c2017.
300 _av. :
_bil. ;
_c28 cm.
_e+CD-ROM
490 1 _aProyecto Todos Juntos
500 _aActualización según el nuevo diseño curricular oficial
500 _aLa biblioteca posee solamente el libro de texto
590 _aInventariado, 2018/LP
700 1 _aNúñez, Ruddy,
_eil.
_923171
830 0 _aProyecto Todos Juntos
_930856
999 _c46696
_d46696